名探偵コナンの映画タイトル 読み→漢字 - Statistics

General Stats
  • This quiz has been taken 284 times
  • The average score is 14 of 19
Answer Stats
タイトル 漢字 % Correct
14番目の[ターゲット] 標的
90%
紺青の[フィスト]
90%
迷宮の[クロスロード] 十字路
89%
異次元の[スナイパー] 狙撃手
85%
純黒の[ナイトメア] 悪夢
84%
沈黙の[クォーター] 15分
84%
探偵たちの[レクイエム] 鎮魂歌
81%
漆黒の[チェイサー] 追跡者
76%
ベイカー[ストリート]の亡霊
75%
天空の[ロスト・シップ] 難破船
73%
から紅の[ラブレター] 恋歌
72%
戦慄の[フルスコア] 楽譜
69%
銀翼の[マジシャン] 奇術師
67%
絶海の[プライベートアイ] 探偵
65%
紺碧の[ジョリー・ロジャー]
62%
黒鉄の[サブマリン] 魚影
61%
水平線上の[ストラテジー] 陰謀
59%
隻眼の[フラッシュバック] 残像
54%
100万ドルの[みちしるべ] 五稜星
47%
No matching quizzes found
Score Distribution
Percent of People with Each Score
Percentile by Number Answered
Your Score History
You have not taken this quiz